000 00610nam a2200169 a 4500
001 000030717
005 20200930062453.0
008 110526s1897 sp ac 000 | spa d
040 _aDO-SdBNP
_bspa
_cBNPHU
082 _axxx
_bW746a
100 1 _aWilson, Emilia Serrano,
_cbaronesa de,
_d1843-1922
_957300
245 1 0 _aAmérica en fin de siglo :
_bactualidades, sucesos, apreciaciones, semblanzas, datos históricos /
_cBaronesa de Wilson.
260 _aBarcelona :
_bImprenta de Henrich,
_c1897.
300 _a307 p. :
_bil., retrs. ;
_c30 cm.
500 _aIncluye notas al pie de las páginas.
049 _aBNPD
999 _c30209
_d30209